| 000 | 01809nam a22003015a 4500 | ||
|---|---|---|---|
| 003 | OSt | ||
| 005 | 20180124143315.0 | ||
| 008 | 170301s2014 ua frb 000 0 ara d | ||
| 020 | _a9789779018935 | ||
| 020 | _z978978525 | ||
| 040 |
_aEG-ScBUE _bara _cEG-ScBUE _dEG-ScBUE |
||
| 043 | _af-ua--- | ||
| 082 | 0 | 4 |
_a346.62086384 _bش ر ف _222 |
| 100 | 1 | _aشرف الدين، أحمد. | |
| 245 | 1 | 0 |
_aنماذج التأمين الإجباري من المسئولية المدنية عن حوادث النقل السريع وحوادث المباني / _cأحمد شرف الدين. |
| 250 | _aط. نادي القضاة. | ||
| 260 |
_aالقاهرة : _bنادي القضاة، _c2014. |
||
| 300 |
_a457 ص. ؛ _c24 سم. |
||
| 504 | _aيشتمل على إرجاعات ببليوجرافية. | ||
| 505 | 0 | _aالأشخاص المستفيدون والمستبعدون من التأمين - الأضرار المشمولة والمسئولية المغطاة للتأمين - الحدود القصوى لقيمة التأمين - رجوع المؤمن على المؤمن له على الغير مسئول - الدعوى المباشرة : أطرافها وشروطها - تقادم الدعوى - حكم تعديل وجه استعمال السيارة - نطاق تأمين حوادث المباني مقارنا بنطاق الضمان العشري - فهرس تفصيلي بأحكام النقض. | |
| 541 |
_aدكتور أحمد حمد ؛ _cإهداء ؛ |
||
| 650 | 7 |
_aالتأمين ضد الحوادث _xقوانين وتشريعات _zمصر. _2BUEsh |
|
| 650 | 7 |
_aالمسئولية المدنية _zمصر. _2BUEsh _941063 |
|
| 650 | 7 |
_aحوادث المرور _xقوانين وتشريعات _zمصر. _2BUEsh |
|
| 651 | _2BUEsh | ||
| 653 |
_bLLAAWW _cMarch2017 _cJanuary2018 |
||
| 942 | _2ddc | ||
| 999 |
_c24291 _d24263 |
||